Environmentální a ekonomické účetníctví teoreticko-metodologická východiska a aplikace vybraných modulů v České republice

Guardado en:
Detalles Bibliográficos
Autor principal: Ritschelová, Iva
Formato: Libro
Lenguaje:checo
Publicado: Praha Centrum pro otázky životního prostředí Univerzity Karlovy v Praze 2000
Colección:Ekonomické nástroje pro trvale udržitelný rozvoj České republiky č. 24
Materias:
Etiquetas: Agregar Etiqueta
Sin Etiquetas, Sea el primero en etiquetar este registro!

MARC

LEADER 00000nam a2200000 4500
001 c117958
005 20221108082911.3
020 |a 80-238-5318-X 
041 0 |a cze 
044 |a CZ 
245 1 0 |a Environmentální a ekonomické účetníctví  |b teoreticko-metodologická východiska a aplikace vybraných modulů v České republice  |c Iva Ritschelová a kol. 
264 1 |a Praha  |b Centrum pro otázky životního prostředí Univerzity Karlovy v Praze  |c 2000 
300 |a 199 s. 
490 1 |a Ekonomické nástroje pro trvale udržitelný rozvoj České republiky  |v č. 24 
830 0 |a Ekonomické nástroje pro trvale udržitelný rozvoj České republiky  |v č. 24 
610 2 0 |a prostredie životné 
610 2 0 |a rozvoj trvalo udržateľný 
610 2 0 |a účtovníctvo ekologické 
610 2 0 |a politika environmentálna 
610 2 0 |a oceňovanie 
610 2 0 |a oceňovanie ekonomické 
610 2 0 |a ochrana ovzdušia 
610 2 0 |a odpad 
610 2 0 |a účty národné 
610 2 0 |a ekológia 
610 2 0 |a Česko 
100 1 |a Ritschelová, Iva